| 000 | 00617nam a22001817a 4500 | ||
|---|---|---|---|
| 005 | 20251108173057.0 | ||
| 008 | 250721s2001 xx 000 0 ara d | ||
| 082 | 1 | 4 | _a709.02/بهن |
| 100 | 1 |
_aبهنسي، عفيف _eمؤلف |
|
| 245 | 1 | 0 | _aشمال ........... جنوب : حوار في الفن الإسلامي دراسة نقدية مقارنة / |
| 264 | 1 |
_aالشارقة : _bدائرة الثقافة و الإعلام، _c2001. |
|
| 300 | _a126ص. | ||
| 650 | 1 | 7 | _aالفن الإسلامي |
| 650 | 1 | 7 | _aالحضارة الإسلامية |
| 650 | 1 | 7 | _aالنقد |
| 942 |
_2ddc _cBK |
||
| 999 |
_c95538 _d95538 |
||